00461nam a2200157Ia 4500100001400000650000900014942000700023654001000030245001500040260003500055082002200090300000800112546001200120999001700132952015400149 aGosselin  aJava cBK ajava  aJAVAScript bCengage LearningaMumbaic2008 a005.133J/GOSbGOS a525 aENGLISH c30369d30369 001040708CRCaCRCEbCRCEd2023-03-17eEducational books and periodicalsi106 dt 26/11/2008l0o005.133J/GOS GOSp19112r2023-03-17w0000-00-00yBK